Países del Imperio Portugués en un Mapa - Estadísticas

Estadísticas generales
  • Esta prueba ha sido intentada 4.411 veces
  • La puntuación promedio es 9 de 12
Respuestas en el mapa
Las respuestas están codificadas por una escala verde-roja en el mapa de la prueba según el % correcto abajo.
 
Estadísticas de respuestas
País % Correcto
Brasil
100%
Portugal
98%
Uruguay
93%
Cabo Verde
92%
Mozambique
88%
Angola
86%
Santo Tomé y Príncipe
79%
China (Macao)
64%
Timor Oriental
64%
Guinea-Bissau
61%
Malaui
57%
India
52%
No se encontraron pruebas coincidentes
Distribución de puntuación
Porcentaje de gente con cada puntuación
Porcentaje por número respondido
Historial de tus puntuaciones
No has intentado esta prueba.